000 00837nam a2200229Ia 4500
005 20241129105859.0
008 241129s9999||||xx |||||||||||||| ||und||
020 _a978-93-85144-84-4
037 _aTB
040 _aARTS
_bhin
_cARTS
041 _ahin
_2hin
084 _aR6 152Q8;R2
_qARTS
100 _aझा, दिलीप कुमार, ले.
245 0 _aभारतीय दर्शन: तत्वमीमांसा एवं ज्ञानमीमांसा
_cझा, दिलीप कुमार, ले.
260 _aदिल्ली, भारत
_bशिवालिक प्रकाशन
_c2023
300 _a193पृ0
365 _aINR
_b795
546 _aTranslated from Sanskrit to Hindi
650 _aPhilosophy
942 _cTB
_hR6 152Q8;R2
999 _c1226413
_d1226413